00749nam a2200229 a 450000100060000000300080000600500170001400800410003102000320007203500200010404000260012404100080015008200360015811000360019424500940023026000240032430000330034849000270038150000320040865000520044083000270049260230BD-RjUL20211209080821.0161229s2011 bg a|||| ||||o00| 0 eng d a9845089429c: Complimentary a(BD-RjUL) 60354 aBD-RjULbengcBD-RjUL aeng 223a630.95492021bMAD 2011 (ZS) aBangladesh Bureau Of Statistics10aCensus of agriculture, 2008 :bZila series, Madaripur /cBangladesh Bureau Of Statistics. aDhaka:bBBS,c2011. axvi, 244 p. :bill.;c28 cm. aZila series, Madaripur aChiefly statistical tables. aAgriculturezBangladeshz MadaripurvStatistics aZila series, Madaripur